Librito Lima : (Registro nro. 22114)
[ vista simple ]
| 000 -Cabecera | |
|---|---|
| Campo de control interno | 00509nam a22002177a 4500 |
| 005 - Fecha y hora del registro | |
| control field | 20260323164053.0 |
| 008 - Elementos de Longitud Fija | |
| fixed length control field | 260323b |||||||| |||| 00| 0 spa d |
| 041 ## - Idioma | |
| Codigo Idioma | ESP |
| 082 ## - DEWEY y NOTACIÓN INTERNA | |
| Dewey | 711.4 |
| Notación Interna | A177 |
| 100 ## - AUTOR | |
| Autor denominación | , |
| 110 ## - AUTOR INSTTITUCIONAL | |
| Autor Institucional | 51-1 Arquitectos |
| 245 ## - TÍTULO DE MATERIAL BIBLIOGRÁFICO | |
| Título | Librito Lima : |
| Título paralelo | essays towards genero(c)ity 2005-2020 |
| 260 ## - CIUDAD, EDITORIAL, AÑO | |
| Ciudad | : |
| Nombre de la Editorial | , |
| Año | 2024 |
| 300 ## - DESCRIPCIÓN | |
| N° Páginas | 281 páginas : |
| Otros detalles | ; |
| Dimensiones | 18 cm. |
| 440 ## - MENCIÓN DE SERIE | |
| Título de la Serie | ; |
| 650 ## - TEMAS | |
| Temas | Artes Decorativas |
| 654 ## - PROGRAMAS | |
| Programa | Dpto. Arquitectura y Urbanismo |
| 700 ## - OTROS AUTORES | |
| Otros autores | ; |
| 942 ## - ELEMENTOS DE KOHA | |
| Tipo de documento | Libro |
| Nombre del creador | Justo Noguera |
| Código de catalogador | Justo Noguera |
| Esquema de clasificación | Dewey Decimal Classification |
| Codigo completo | Registro | Colección | Copia número | Disponibilidad | Tipo de préstamo | Biblioteca Actual | Procedencia (Biblioteca) | Ubicacón | Fecha Ingreso | Tipo de Adquisición | Date last seen | Total checkouts | Date last checked out | Price effective from | Tipo de Item | Estado del Material | Fuente de Clasificación | Damaged status | Withdrawn status |
|---|---|---|---|---|---|---|---|---|---|---|---|---|---|---|---|---|---|---|---|
| 711.4 A177 | 1081742 | Universidad Católica San Pablo | 1 | Disponible | Disponible | Víctor Andrés Belaunde | Víctor Andrés Belaunde | Segundo piso | 23/03/2026 | Compra | 10/04/2026 | 2 | 10/04/2026 | 23/03/2026 | Libro | Bueno | Dewey Decimal Classification |




